Sports Quiz

Random Sports or Football Quiz
Score 0/18 Timer 05:00
0 Plays Today
Team Answer % Correct
Dallas RenegadesLandry Jones
100%
LA WildcatsJosh Johnson
100%
New York GuardiansLuis Perez
100%
Seattle DragonsBJ Daniels
100%
DC DefendersCardale Jones
90.9%
Houston RoughnecksPhillip Walker
81.8%
New York GuardiansMatt McGloin
81.8%
Tampa Bay VipersAaron Murray
63.6%
St. Louis BattlehawksJordan Ta'amu
54.5%
Team Answer % Correct
DC DefendersTyree Jackson
50%
Seattle DragonsKeenan Reynolds
50%
Seattle DragonsBrandon Silvers
45.5%
LA WildcatsChad Kanoff
45.5%
Tampa Bay VipersQuinton Flowers
36.4%
Dallas RenegadesPhillip Nelson
36.4%
New York GuardiansMarquise Williams
25%
Tampa Bay VipersTaylor Cornelius
25%
Dallas RenegadesCameron Artis-Payne
9.1%
Remove Ads.
Support Sporcle.
Get the best of Sporcle when you Go Orange. This ad-free experience offers more features, more stats, and more fun while also helping to support Sporcle. Thank you for becoming a member.

You're not logged in!

Compare scores with friends on all Sporcle quizzes.
OR
Log In

Sporcle TV

Today on Sporcle TV


Watch our educational content, quiz creation guides, and fun videos on Sporcle TV.

Show Comments

Extras

Top Quizzes Today


Score Distribution

Paid Content

Your Account Isn't Verified!

In order to create a playlist on Sporcle, you need to verify the email address you used during registration. Go to your Sporcle Settings to finish the process.

Report this User

Report this user for behavior that violates our Community Guidelines.

Details: